Normal view
MARC view
- Ian D Lawrie
Entry Personal Name
001 - CONTROL NUMBER
- control field: 103777
003 - CONTROL NUMBER IDENTIFIER
- control field: NUST
005 - DATE AND TIME OF LATEST TRANSACTION
- control field: 20221129140757.0
008 - FIXED-LENGTH DATA ELEMENTS
- fixed length control field: 221129|| aca||aabn | a|a d
040 ## - CATALOGING SOURCE
- Original cataloging agency: NUST
- Transcribing agency: NUST
100 ## - HEADING--PERSONAL NAME
- Personal name: Ian D Lawrie
670 ## - SOURCE DATA FOUND
- Source citation: Work cat.: (NUST)189573: Ian D Lawrie, A Unified Tour of Theoretical Physics, 1990
